000 00190 a2200097 4500
020 _a9788471319388
041 _aspa
100 _aStefano Cagliano
245 _aEl Cuerpo Humano
942 _cBK
999 _c15070
_d15070